| 000 | 01320nam a2200325 a 4500 | ||
|---|---|---|---|
| 001 | ebr10551710 | ||
| 003 | CaPaEBR | ||
| 006 | m u | ||
| 007 | cr cn||||||||| | ||
| 008 | 111114s2012 ne a sb 000 0 eng d | ||
| 010 | _z 2011943473 | ||
| 020 | _z9781607509653 (hardcover) | ||
| 020 | _z9781607509660 (e-book) | ||
| 040 |
_aCaPaEBR _cCaPaEBR |
||
| 035 | _a(OCoLC)785551406 | ||
| 050 | 1 | 4 |
_aR857.B54 _bD34 2012eb |
| 100 | 1 | _aDahlin, Andreas B. | |
| 245 | 1 | 0 |
_aPlasmonic biosensors _h[electronic resource] : _ban integrated view of refractometric detection / _cAndreas B. Dahlin. |
| 260 |
_aAmsterdam ; _aWashington, D.C. : _bIOS Press, _cc2012. |
||
| 300 |
_axix, 293 p. : _bcol. ill. |
||
| 490 | 1 |
_aAdvances in biomedical spectroscopy, _x1875-0656 ; _vv. 4 |
|
| 504 | _aIncludes bibliographical references. | ||
| 533 |
_aElectronic reproduction. _bPalo Alto, Calif. : _cebrary, _d2013. _nAvailable via World Wide Web. _nAccess may be limited to ebrary affiliated libraries. |
||
| 650 | 0 | _aBiosensors. | |
| 650 | 0 | _aPlasmons (Physics) | |
| 655 | 7 |
_aElectronic books. _2local |
|
| 710 | 2 | _aebrary, Inc. | |
| 830 | 0 |
_aAdvances in biomedical spectroscopy ; _vv. 4. |
|
| 856 | 4 | 0 |
_uhttp://site.ebrary.com/lib/rucke/Doc?id=10551710 _zAn electronic book accessible through the World Wide Web; click to view |
| 999 |
_c91715 _d91715 |
||